The oxford history of world cinema (Record no. 26663)

MARC details
000 -LEADER
fixed length control field 00493nam a2200181Ia 4500
005 - DATE AND TIME OF LATEST TRANSACTION
control field 20251219144125.0
008 - FIXED-LENGTH DATA ELEMENTS--GENERAL INFORMATION
fixed length control field 231207s9999 xx 000 0 und d
020 ## - INTERNATIONAL STANDARD BOOK NUMBER
International Standard Book Number 9780198742425
040 ## - CATALOGING SOURCE
Transcribing agency PK-LaNCA
082 ## - DEWEY DECIMAL CLASSIFICATION NUMBER
Classification number 791.43
Item number OXF
100 ## - MAIN ENTRY--PERSONAL NAME
Author Name Edited by Nowell-Smith, Geoffrey
245 #4 - TITLE STATEMENT
Title The oxford history of world cinema
260 ## - PUBLICATION, DISTRIBUTION, ETC.
Name of publisher, distributor, etc. Oxford University Press
Place of publication, distribution, etc. Oxford
Date of publication, distribution, etc. 1997
300 ## - PHYSICAL DESCRIPTION
Pages xxii, 824p
546 ## - LANGUAGE NOTE
Language note English
650 ## - SUBJECT ADDED ENTRY--TOPICAL TERM
Subject Motion pictures--History. FTV.
942 ## - ADDED ENTRY ELEMENTS (KOHA)
Koha item type Film & TV
999 ## -
-- 26663
-- 26663
Holdings
Withdrawn status Weedout from Library Permanent Location Current Location Shelving location Date acquired Full call number Barcode Price effective from Koha item type
    NATIONAL COLLEGE OF ARTS, LAHORE - LIBRARY NATIONAL COLLEGE OF ARTS, LAHORE - LIBRARY Film & TV Section Basement of Library 08/12/2023 FTV 791.43 OXF 31085 31085 08/12/2023 Film & TV